Τα παιδιά κάνουν μαθηματικά

Αποθηκεύτηκε σε:
Λεπτομέρειες βιβλιογραφικής εγγραφής
Κύριος συγγραφέας: Nunes, Terezinha
Άλλοι συγγραφείς: Bryant, Peter, 1937-, Δεσλή, Δέσποινα (edtf), Λειβαδοπούλου, Σοφία (trlf), Σαρηγιαννίδου, Γεωργία (trlf)
Μορφή: Βιβλίο
Γλώσσα:Greek
English
Δημοσίευση: Αθήνα : Gutenberg, 2007.
Σειρά:Ψυχολογία (Gutenberg) 26
Θέματα:
Ετικέτες: Προσθήκη ετικέτας
Δεν υπάρχουν, Καταχωρήστε ετικέτα πρώτοι!

MARC

LEADER 00000nam a2200000 a 4500
001 1/125995
008 230125s2007####gr | ||| |||| ||gre||
020 |a 9789600111227 
040 |a GR-MyUa  |b gre  |c GR-MyUa  |e AACR2 
041 1 |a gre  |h eng 
082 7 |a 372.7019   |2 (23) 
100 1 |a Nunes, Terezinha. 
245 1 3 |a Τα παιδιά κάνουν μαθηματικά /   |c Terezinha Nunes και Peter Bryant ; μετάφραση: Σοφία Λειβαδοπούλου, Γεωργία Σαρηγιαννίδου ; επιμέλεια, εισαγωγή: Δέσποινα Δεσλή. 
260 |a Αθήνα :   |b Gutenberg,   |c 2007. 
300 |a 431 σ. :   |b σχήμ. ;   |c 21 εκ.  
490 1 |a (Ψυχολογία / Gutenberg ;   |v  26) 
504 |a Βιβλιογραφία : σ. 417-431.  
650 0 |a Mathematics  |x Study and teaching (Elementary) 
650 0 |a Mathematics  |x Study and teaching  |x Psychological aspects. 
650 0 |a Cognition in children 
700 1 |a Bryant, Peter,   |d 1937- 
700 1 |a Δεσλή, Δέσποινα,  |e edtf 
700 1 |a Λειβαδοπούλου, Σοφία,  |e trlf 
700 1 |a Σαρηγιαννίδου, Γεωργία,  |e trlf 
765 0 8 |i Μετάφραση του:   |t Children doing mathematics /  
830 0 |a Ψυχολογία (Gutenberg)  |v 26 
852 |a INST  |b RHODES  |c EUDOXUS  |e 20230125  |h 372.7019 NUN  |p 005400043341  |q 005400043341  |t EDX  |y 0 
920 |a Εύδοξος  |b Παραγγελία  |y Ρόδος-ΤΕΠΑΕΣ  |z 2022-12 
970 |z 25-01-2023